000 01091nam a22003137a 4500
003 CHAP
005 20220329135606.0
008 971013s1956 r 00010 d
010 _a39007
011 _a39979
035 _a44104
040 _cCHAP
082 _a625
_bE82 1956
100 0 0 _aEscario, José Luis.
_937472
245 _aCaminos
260 _aMadrid :
_bTipografía Artística,
_c1956
300 _a2 v.
_b: ilus.
505 _aContenido : v.1 Estudio del trazado y construcción de la explanación .- v.2 Firmes de carreteras y aeropuertos. Servicios auxiliares del camino. Explotación
590 _aBATCH-UPD
_b10
_c20130110
_lUCH01
_h0934
590 _aBATCH-UPD
_b10
_c20130410
_lUCH01
_h0552
590 _aBATCH-UPD
_b10
_c20130914
_lUCH01
_h0823
590 _aCONVERSION
_b10
_c20130109
_lUCH01
_h1322
650 1 4 _aCaminos.
_917855
700 0 _aEscario Ubarri, Ventura.
_937471
901 _aBK
942 _cLIBRO
949 _a625 E82 1956
_bBC
_cLIBRO
_d-100951
_eLIBRO
_fv.1
_h18825
_i44104
_si
949 _a625 E82 1956
_bBC
_cLIBRO
_d-100953
_eLIBRO
_fv.2
_h18826
_i44104
_si
999 _c39007
_d39007